Random Acronyms - Statistiken

Allgemein
  • Dieses Quiz wurde 8 mal gespielt
  • Das Durchschnittsergebnis liegt bei 10 aus 15
Antwortstatistiken
Hint Antwort % Korrekt
L Light
88%
W Web
88%
W Wide
88%
W World
88%
D Diode
75%
R Random
75%
U Unit
75%
U Unit
75%
A Acces
63%
M Memory
63%
E Emitting
50%
P Power
50%
G Graphical
25%
P Procesing
25%
S Supply
25%
Keine übereinstimmenden Quizze gefunden
Verteilung der Resultate
Anzahl Personen mit jedem Resultat
Perzentil nach korrekt beantworteten Fragen
Ihre Resultats-Entwicklung
Sie haben dieses Quiz noch nicht gespielt